000 00727nam a22001817a 4500
999 _c371606
_d371606
008 201127b ||||| |||| 00| 0 eng d
040 _aDE-2950
_bger
_cDE-2950
_erda
041 _ager
245 _aBaustart verzögert sich.
_bHochwasserschutz: Während in Slubice die Deichbauarebiten voranschreiten, lassen die Maßnahmen in Frankfurt auf sich warten /
_cThomas Gutke und Jacqueline Westermann
264 _c2022
653 _aFrankfurt (Oder)
653 _aHochwasserschutz
773 _dFrankfurt (Oder) Märkisches Verlags- und Druckhaus GmbH & Co KG
_tMärkische Oderzeitung
_g33. Jahrgang (2022) Nr. 108 vom 10.05.2022, S. 9 + 1
942 _cA